| 000 | 00564nam a2200193Ia 4500 | ||
|---|---|---|---|
| 003 | GCL | ||
| 008 | 140319s9999 xx 000 0 ara d | ||
| 040 |
_aGCL / _cGCL |
||
| 082 | 0 | 4 |
_a658 _bأ ق |
| 100 | 1 | _aاحمد طلعت البشبيشى | |
| 245 | 1 | 0 |
_aالقاموس السياحى والفندقى / _cاحمد طلعت البشبيشى |
| 260 |
_a[S.N] : _bدار المعرفة الجامعية ، _c1991 |
||
| 300 | _a146 ص | ||
| 490 | _a | ||
| 650 | 0 | 4 | _aالفنادق |
| 650 | 0 | 4 | _aالمعاجم |
| 650 | 0 | 4 | _aالسياحة |
| 942 |
_2ddc _cBK |
||
| 999 |
_c36429 _d36429 |
||